000 01052nam a22003257a 4500
003 CHAP
005 20220329135140.0
008 971013s1976 r 00010 d
010 _a31689
011 _a32661
035 _a36776
040 _cCHAP
082 _a541
_bC76Y 1964
100 0 0 _aCrockford, Horace Downs.
_929010
245 _aFundamentos de fisioquímica
260 _aMéxico :
_bCECSA,
_c1976
300 _a469 p.
500 _aTrad. de la 2 ed. en inglés de 1964
590 _aBATCH-UPD
_b10
_c20130110
_lUCH01
_h2008
590 _aBATCH-UPD
_b10
_c20130410
_lUCH01
_h1328
590 _aBATCH-UPD
_b10
_c20130914
_lUCH01
_h1103
590 _aCONVERSION
_b10
_c20130109
_lUCH01
_h1318
650 1 4 _aFisicoquímica.
_941125
700 0 _aKnight, Samuel B.
_963531
901 _aBK
942 _cLIBRO
949 _a541 C76Y 1964
_bBC
_cLIBRO
_d-84603
_eLIBRO
_h10058
_i36776
_si
949 _a541 C76Y 1964
_bBC
_cLIBRO
_d-84605
_eLIBRO
_fc.3
_h51229
_i36776
_si
949 _a541 C76Y 1964
_bBC
_cLIBRO
_d33724000900981
_eLIBRO
_fc.2
_h45494
_i36776
_si
999 _c31689
_d31689